Movies Quiz

Random Movies or Letter Quiz

Tom Cruise (A-Z) Quiz Stats

 Plays Quiz Updated Jul 10, 2019

Score 0/16 Timer 03:00
1 Play Today
Letter Movie % Correct
MMagnolia, Minority Report, Mission: Impossible, Mission Impossible II, Mission Impossible III, Mission: Impossible - Fallout, Mission: Impossible - Ghost Protocol, Mission: Impossible - Rogue Nation, The Mummy
94.3%
TTaps, Top Gun, Tropic Thunder
88.3%
RRain Man, Risky Business, Rock of Ages
73.8%
VValkyrie, Vanilla Sky
64.4%
FFar and Away, A Few Good Men, The Firm
58.7%
JJerry Maguire, Jack Reacher, Jack Reacher: Never Go Back
58.2%
CCocktail, Collateral, The Color of Money
57.9%
EEndless Love, Eyes Wide Shut, Edge of Tomorrow
50%
Letter Movie % Correct
DDays of Thunder
46.8%
WWar of the Worlds
45.2%
LThe Last Samurai, Legend, Lions for Lambs, Losin' It
36%
KKnight and Day
31.3%
BBorn on the Fourth of July
28.9%
IInterview with the Vampire
23%
OOblivion, The Outsiders
21.7%
AAll the Right Moves, American Made
21.4%

You're not logged in!

Compare scores with friends on all Sporcle quizzes.
OR
Log In

Sporcle TV

Today on Sporcle TV


Watch our educational content, quiz creation guides, and fun videos on Sporcle TV.

Show Comments

Extras

Top Quizzes Today


Score Distribution

Your Account Isn't Verified!

In order to create a playlist on Sporcle, you need to verify the email address you used during registration. Go to your Sporcle Settings to finish the process.

Report this User

Report this user for behavior that violates our Community Guidelines.

Details: